000 002300000a22000970004500
100 1 _aSalem, Luis D.
245 1 0 _aLa pascua judía
300 _aVol. 3, Núm 14 (1991), Páginas 5-6
773 0 _tImpacto Presbiteriano
942 _cANA
999 _c50973
_d50973